El Occidente escindido : pequeños escritos políticos X /

Detalles Bibliográficos
Autor principal: Habermas, Jürgen (Autor)
Otros Autores: López de Lizaga, José Luis, 1975- (Traductor)
Formato: Electrónico eBook
Lenguaje:español
alemán
Publicado: [Madrid] : Editorial Trotta, [2024]
Edición:Tercera edición.
Colección:Colección Estructuras y procesos. Serie Filosofía.
Materias:
Acceso en línea:Digitalia Hispánica

MARC

LEADER 00000nam a2200000 i 4500
001 DIGTRO0319
003 NyNyDIG
007 cr |||||||||||
008 241118t20242021sp ob 000 0 spa d
006 m o d
035 |a (OCoLC)1473345371 
040 |a DGITA  |b eng  |e rda  |e pn  |c DGITA 
020 |a 9788413642888  |q (edición digital e-pub) 
020 |z 9788481648232 
041 1 |a spa  |h ger 
043 |a n-us--- 
050 1 4 |a JA71 ebook 
082 0 4 |a 909.83  |2 23 
100 1 |a Habermas, Jürgen,  |e author. 
240 1 0 |a Gespaltene Westen.  |l Spanish  |s (López de Lizaga) 
245 1 3 |a El Occidente escindido :  |b pequeños escritos políticos X /  |c Jürgen Habermas ; traducción de José Luis López de Lizaga. 
250 |a Tercera edición. 
264 1 |a [Madrid] :  |b Editorial Trotta,  |c [2024] 
264 4 |c ©2021 
300 |a 1 online resource. 
336 |a text  |b txt  |2 rdacontent 
337 |a computer  |b c  |2 rdamedia 
338 |a online resource  |b cr  |2 rdacarrier 
347 |a text file  |2 rdaft 
347 |b PDF 
347 |b EPUB 
490 1 |a Colección Estructuras y procesos. Serie Filosofía 
504 |a Includes bibliographical references. 
588 0 |a Online resource; title from ePub title page (Digitalia, viewed November 18, 2024) 
650 0 |a Political science  |x Philosophy. 
651 0 |a United States  |x Foreign relations  |y 2001-2009. 
700 1 |a López de Lizaga, José Luis,  |d 1975-  |e translator. 
700 1 |i Translation of:  |a Habermas, Jürgen.  |t Gespaltene Westen. 
791 2 |a Digitalia (Firm),  |e distributor. 
793 0 |g Digitalia eBook Collection:  |a Trotta Editorial 
776 0 8 |i Print version:  |a Habermas, Jürgen.  |s Gespaltene Westen. Spanish (López de Lizaga).  |t Occidente escindido.  |b Tercera edición.  |d Madrid : Editorial Trotta, [2024]  |z 9788481648232 
830 0 |a Colección Estructuras y procesos.  |p Serie Filosofía. 
856 4 0 |3 Digitalia Hispánica  |u https://www.digitaliapublishing.com/a/162851/ 
910 |a Premium collection: 2024